[Event "2014 Australian Championships"]
[Site "Melbourne"]
[Date "2014.01.04"]
[Round "4.4"]
[White "Tu, Hoang Thong"]
[Black "Matheson, Laurence"]
[Result "1-0"]
[WhiteElo "2428"]
[BlackElo "2161"]
[PlyCount "83"]
[EventDate "2014.01.??"]
[EventType "swiss"]
[EventRounds "11"]
[EventCountry "AUS"]
[SourceDate "2014.01.02"]

1. e4 c6 2. d4 d5 3. f3 g6 4. Nc3 Bg7 5. Be3 dxe4 6. fxe4 e5 7. dxe5 Qxd1+ 8.
Rxd1 Nd7 9. e6 fxe6 10. Bc4 Ne5 11. Bb3 Nf6 12. Nge2 O-O 13. O-O Nf7 14. h3 Re8
15. Nd4 e5 16. Nxc6 bxc6 17. Bg5 Be6 18. Bxf6 Bxb3 19. axb3 Bf8 20. Rd7 Nd8 21.
Na4 Ne6 22. Bxe5 Ng5 23. Bd4 Rxe4 24. Bxa7 Re2 25. c4 Bg7 26. Rfd1 Ne6 27. Kf1
Rc2 28. Be3 Rf8+ 29. Kg1 Re2 30. Bb6 Bh6 31. Rf1 Nf4 32. Rf2 Re1+ 33. Kh2 Rfe8
34. Nc3 Nh5 35. g3 Bg7 36. Bd4 Bxd4 37. Rxd4 g5 38. h4 h6 39. hxg5 hxg5 40. Rf5
R8e5 41. Rxe5 Rxe5 42. Rd6 1-0

[Event "2014 Australian Championships"]
[Site "Melbourne"]
[Date "2014.01.04"]
[Round "4.5"]
[White "Lane, Gary"]
[Black "Bjebork, Igor"]
[Result "0-1"]
[WhiteElo "2375"]
[BlackElo "2339"]
[PlyCount "84"]
[EventDate "2014.01.??"]
[EventType "swiss"]
[EventRounds "11"]
[EventCountry "AUS"]
[SourceDate "2014.01.02"]
[WhiteClock "0:28:04"]
[BlackClock "0:40:32"]

1. e4 c6 2. Nc3 d5 3. Nf3 Bg4 4. h3 Bxf3 5. Qxf3 e6 6. Be2 Nd7 7. O-O Bc5 8.
Qg3 Bd4 9. d3 Ne7 10. Kh1 O-O 11. f4 f5 12. Bf3 a5 13. Ne2 Bb6 14. e5 a4 15. d4
c5 16. c3 cxd4 17. Nxd4 Bxd4 18. cxd4 Nb6 19. Qf2 Nc4 20. g4 Qb6 21. Rg1 Rf7
22. Rb1 fxg4 23. hxg4 Raf8 24. Kg2 g5 25. b3 gxf4 26. bxc4 Qxb1 27. Ba3 Qd3 28.
Bxe7 Rxe7 29. cxd5 exd5 30. Bxd5+ Kh8 31. Bf3 Rc8 32. Rd1 Qe3 33. d5 Qxe5 34.
d6 Rd7 35. Rd5 Qe3 36. Qb2+ Rc3 37. Bd1 Qh3+ 38. Kg1 a3 39. Qa1 Kg8 40. Rg5+
Kf8 41. Rf5+ Ke8 42. Bf3 Qxf3 0-1

[Event "2014 Australian Championships"]
[Site "Melbourne"]
[Date "2014.01.04"]
[Round "4.6"]
[White "Solomon, Stephen"]
[Black "Loh, Zachary"]
[Result "1-0"]
[WhiteElo "2371"]
[BlackElo "2032"]
[PlyCount "69"]
[EventDate "2014.01.??"]
[EventType "swiss"]
[EventRounds "11"]
[EventCountry "AUS"]
[SourceDate "2014.01.02"]
[WhiteClock "0:42:46"]
[BlackClock "0:08:34"]

1. e4 c6 2. d4 d5 3. Nd2 dxe4 4. Nxe4 Bf5 5. Ng3 Bg6 6. h4 h6 7. Nf3 Nd7 8. h5
Bh7 9. Bd3 Bxd3 10. Qxd3 e6 11. Bf4 Qa5+ 12. Bd2 Qc7 13. O-O-O Ngf6 14. c4
O-O-O 15. Kb1 Bd6 16. Ne4 Nxe4 17. Qxe4 Nf6 18. Qe2 c5 19. Bc3 cxd4 20. Nxd4 a6
21. g4 Rd7 22. Nb3 Qc6 23. f3 Rhd8 24. g5 Nh7 25. g6 fxg6 26. Nd4 Qc5 27. Nxe6
Qf5+ 28. Qe4 Ng5 29. Qxf5 gxf5 30. Nxd8 Kxd8 31. Bxg7 Rxg7 32. Rxd6+ Kc7 33.
Rxh6 Nxf3 34. Rg6 Rh7 35. h6 1-0

[Event "2014 Australian Championships"]
[Site "Melbourne"]
[Date "2014.01.04"]
[Round "4.7"]
[White "Sukandar, Irine"]
[Black "Penrose, Justin"]
[Result "1-0"]
[WhiteElo "2369"]
[BlackElo "1986"]
[PlyCount "97"]
[EventDate "2014.01.??"]
[EventType "swiss"]
[EventRounds "11"]
[EventCountry "AUS"]
[SourceDate "2014.01.02"]
[WhiteClock "1:30:53"]

1. e4 e6 2. d4 d5 3. Nc3 Nf6 4. Bg5 Bb4 5. e5 h6 6. Be3 Ne4 7. Qg4 Kf8 8. a3
Bxc3+ 9. bxc3 c5 10. Bd3 Nxc3 11. dxc5 Nc6 12. Nf3 Qa5 13. O-O Qa4 14. Qh5 Kg8
15. Rfe1 Ne4 16. c4 Ne7 17. Bxe4 dxe4 18. Nd2 Bd7 19. Nxe4 Bc6 20. Nd6 Ng6 21.
Rad1 Qa5 22. f4 Qc7 23. f5 exf5 24. e6 Be8 25. Bd4 Kh7 26. Qxf5 fxe6 27. Rxe6
Rf8 28. Nxe8 Rxf5 29. Nxc7 Raf8 30. Nd5 R5f7 31. c6 bxc6 32. Rxc6 Rd8 33. Rf1
Rb7 34. a4 Ne7 35. Nxe7 Rxd4 36. Nf5 Rd2 37. Re1 Rbb2 38. Ne3 Rb7 39. a5 Ra2
40. a6 Rb6 41. Rxb6 axb6 42. Rb1 Rxa6 43. Nd5 Kg8 44. Nxb6 Ra7 45. c5 Rc7 46.
Rc1 Rc6 47. Nd5 Kf7 48. Nb4 Rc8 49. c6 1-0

[Event "2014 Australian Championships"]
[Site "Melbourne"]
[Date "2014.01.04"]
[Round "4.8"]
[White "Smirnov, Anton"]
[Black "Wallis, Christopher"]
[Result "1-0"]
[WhiteElo "2338"]
[BlackElo "2346"]
[PlyCount "77"]
[EventDate "2014.01.??"]
[EventType "swiss"]
[EventRounds "11"]
[EventCountry "AUS"]
[SourceDate "2014.01.02"]

1. e4 c6 2. d4 d5 3. Nc3 dxe4 4. Nxe4 Bf5 5. Ng3 Bg6 6. h4 h6 7. Nf3 Nd7 8. h5
Bh7 9. Bd3 Bxd3 10. Qxd3 e6 11. Bd2 Ngf6 12. O-O-O Be7 13. Ne4 Nxe4 14. Qxe4
Nf6 15. Qe2 Qd5 16. Kb1 Nxh5 17. Ne5 Nf6 18. f3 Rf8 19. c4 Qd6 20. Bf4 Qb4 21.
Rhe1 Qa5 22. a3 Qa6 23. g4 Rd8 24. g5 hxg5 25. Bxg5 Ng8 26. f4 Rd6 27. Qe4 Nf6
28. Qf3 Qa5 29. Ka2 Kd8 30. f5 Kc8 31. c5 Rd5 32. fxe6 fxe6 33. Qh3 Kb8 34.
Qxe6 Re8 35. Bxf6 gxf6 36. Nxc6+ bxc6 37. Qxc6 Qd8 38. Rd3 Rxc5 39. Rb3+ 1-0

[Event "2014 Australian Championships"]
[Site "Melbourne"]
[Date "2014.01.04"]
[Round "4.9"]
[White "Nemeth, John"]
[Black "Goldenberg, Igor"]
[Result "0-1"]
[WhiteElo "2115"]
[BlackElo "2373"]
[PlyCount "78"]
[EventDate "2014.01.??"]
[EventType "swiss"]
[EventRounds "11"]
[EventCountry "AUS"]
[SourceDate "2014.01.02"]

1. e4 c5 2. Nf3 Nc6 3. d4 cxd4 4. Nxd4 e6 5. Be3 Nf6 6. Bd3 a6 7. Nd2 Qc7 8. c3
d5 9. O-O Ne5 10. Be2 dxe4 11. Bg5 Ned7 12. Qc2 Bc5 13. N4b3 e3 14. fxe3 Bd6
15. h3 O-O 16. Ne4 Be5 17. Nd4 h6 18. Bf4 Nd5 19. Qd2 b5 20. Bd3 Bb7 21. Qf2
Qb6 22. Ng3 Rad8 23. Nh5 Nxf4 24. exf4 Bxd4 25. cxd4 g6 26. Ng3 Nb8 27. Ne2 Nc6
28. Kh1 Nxd4 29. Rad1 Rd6 30. Nxd4 Qxd4 31. Qg3 Qxb2 32. f5 exf5 33. Bxf5 Rxd1
34. Rxd1 Qxa2 35. Bd3 Rd8 36. Kh2 Qa3 37. Qe3 Qb2 38. Rd2 Qd4 39. Qe7 Qd6+ 0-1

[Event "2014 Australian Championships"]
[Site "Melbourne"]
[Date "2014.01.04"]
[Round "4.10"]
[White "Wohl, Aleksandar"]
[Black "Nakauchi, Gene"]
[Result "0-1"]
[WhiteElo "2371"]
[BlackElo "2210"]
[PlyCount "92"]
[EventDate "2014.01.??"]
[EventType "swiss"]
[EventRounds "11"]
[EventCountry "AUS"]
[SourceDate "2014.01.02"]

1. Nf3 c5 2. e3 Nf6 3. b3 g6 4. Bb2 Bg7 5. Be2 O-O 6. O-O Nc6 7. c4 d5 8. cxd5
Qxd5 9. Nc3 Qd8 10. Rc1 e5 11. Na4 Nd7 12. a3 Re8 13. d3 b6 14. b4 Rb8 15. Nd2
Bb7 16. Ne4 cxb4 17. Nd6 Re6 18. Nxb7 Rxb7 19. Bf3 Rc7 20. Bd5 Rf6 21. Bxc6
Rfxc6 22. Rxc6 Rxc6 23. axb4 Nf8 24. Qb1 b5 25. Nc3 a5 26. bxa5 b4 27. Ne4 Qxa5
28. Nd2 Nd7 29. d4 exd4 30. Nb3 Qa4 31. Bxd4 Bxd4 32. Nxd4 Rc3 33. Qb2 Nc5 34.
h4 Nd3 35. Qd2 h5 36. g3 Ne5 37. Qb2 Nc4 38. Qe2 b3 39. Qf3 b2 40. Ne2 Nd2 41.
Qb7 Rb3 42. Qc8+ Kg7 43. Nf4 Qxf4 44. exf4 Nxf1 45. f5 b1=Q 46. f6+ Kh7 0-1

[Event "2014 Australian Championships"]
[Site "Melbourne"]
[Date "2014.01.04"]
[Round "4.11"]
[White "Canfell, Greg"]
[Black "Dragicevic, Domagoj"]
[Result "1/2-1/2"]
[WhiteElo "2343"]
[BlackElo "2199"]
[PlyCount "113"]
[EventDate "2014.01.??"]
[EventType "swiss"]
[EventRounds "11"]
[EventCountry "AUS"]
[SourceDate "2014.01.02"]

1. e4 e5 2. Nf3 Nc6 3. Bc4 Bc5 4. c3 Nf6 5. d3 a6 6. Nbd2 O-O 7. O-O Ba7 8. h3
d5 9. Bb3 Re8 10. Qe2 Nh5 11. exd5 Ng3 12. Qd1 Nxf1 13. dxc6 Nxd2 14. Bxd2 bxc6
15. Ng5 Be6 16. Nxe6 fxe6 17. Qe2 Rb8 18. Re1 Qh4 19. Be3 Bxe3 20. Qxe3 a5 21.
Qxe5 a4 22. Bxe6+ Kh8 23. Re2 Qe7 24. f4 Rb5 25. Qe4 Qc5+ 26. d4 Qb6 27. Qc2
Rb8 28. b4 axb3 29. Bxb3 c5 30. Qe4 Rf8 31. Qe8 Qb8 32. Qxb8 Rbxb8 33. dxc5 Rf5
34. Re7 Rxc5 35. c4 Rf8 36. g3 g5 37. fxg5 Rxg5 38. Kg2 c5 39. g4 h5 40. Kg3
hxg4 41. hxg4 Rf1 42. Kh4 Rg8 43. Re5 Rh1+ 44. Kg3 Rg1+ 45. Kf3 R8xg4 46. Rxc5
R1g3+ 47. Ke2 Rh4 48. Kf2 Rc3 49. Rg5 Rh2+ 50. Rg2 Rhh3 51. Ke2 Rhe3+ 52. Kd1
Rg3 53. Rxg3 Rxg3 54. Kc2 Kg7 55. Kb2 Kf6 56. Ka3 Rg8 57. Kb4 1/2-1/2

[Event "2014 Australian Championships"]
[Site "Melbourne"]
[Date "2014.01.04"]
[Round "4.12"]
[White "Schon, Eugene"]
[Black "Li, Luke"]
[Result "1/2-1/2"]
[WhiteElo "2195"]
[BlackElo "2336"]
[PlyCount "64"]
[EventDate "2014.01.??"]
[EventType "swiss"]
[EventRounds "11"]
[EventCountry "AUS"]
[SourceDate "2014.01.02"]

1. e4 e5 2. Nf3 Nc6 3. Bb5 a6 4. Ba4 Nf6 5. O-O Be7 6. Re1 b5 7. Bb3 d6 8. c3
O-O 9. h3 Nb8 10. d4 Nbd7 11. Nbd2 Bb7 12. Bc2 Re8 13. a4 Bf8 14. Bd3 c6 15. b3
g6 16. Qc2 Nh5 17. Bf1 Nf4 18. Bb2 Bg7 19. axb5 axb5 20. dxe5 dxe5 21. b4 Rc8
22. Nb3 Qf6 23. Na5 Ba8 24. Rad1 Nb6 25. g3 Ne6 26. Kg2 Bf8 27. c4 Bxb4 28.
Nxe5 Bxa5 29. Ng4 Qe7 30. Nf6+ Kf8 31. Nxh7+ Kg8 32. Nf6+ Kf8 1/2-1/2

[Event "2014 Australian Championships"]
[Site "Melbourne"]
[Date "2014.01.04"]
[Round "4.13"]
[White "McClymont, Brodie"]
[Black "Zulfic, Fedja"]
[Result "1/2-1/2"]
[WhiteElo "2261"]
[BlackElo "2152"]
[PlyCount "49"]
[EventDate "2014.01.??"]
[EventType "swiss"]
[EventRounds "11"]
[EventCountry "AUS"]
[SourceDate "2014.01.02"]

1. e4 e5 2. Nf3 Nf6 3. Nxe5 d6 4. Nf3 Nxe4 5. c4 Nc6 6. d4 d5 7. Bd3 Bb4+ 8.
Nbd2 Bf5 9. Be2 dxc4 10. O-O Bxd2 11. Nxd2 Qxd4 12. Nxc4 Qxd1 13. Rxd1 O-O 14.
Bf4 Rac8 15. Ne3 Be6 16. Bf3 f5 17. g4 fxg4 18. Bxe4 Rxf4 19. Bxc6 bxc6 20.
Rac1 Bxa2 21. Rxc6 h5 22. Ra6 Bf7 23. Rxa7 Rb8 24. Rd2 c5 25. Nd5 1/2-1/2

[Event "2014 Australian Championships"]
[Site "Melbourne"]
[Date "2014.01.04"]
[Round "4.14"]
[White "Zelesco, Karl"]
[Black "Michaille, Laurent"]
[Result "1-0"]
[WhiteElo "2242"]
[BlackElo "2115"]
[PlyCount "83"]
[EventDate "2014.01.??"]
[EventType "swiss"]
[EventRounds "11"]
[EventCountry "AUS"]
[SourceDate "2014.01.02"]

1. d4 Nf6 2. c4 e6 3. Nc3 Bb4 4. e3 c5 5. Nge2 b6 6. a3 Ba5 7. Rb1 Na6 8. g3
Bb7 9. d5 exd5 10. Bg2 Qb8 11. cxd5 O-O 12. O-O Bxc3 13. bxc3 Re8 14. c4 d6 15.
Nc3 Nc7 16. e4 Qd8 17. f4 Rb8 18. Qd3 Nd7 19. Bb2 a6 20. a4 Bc8 21. Ba1 f6 22.
h3 Nf8 23. Rb3 Nd7 24. Rfb1 Qe7 25. Kh2 a5 26. Rg1 Na6 27. Rb2 Nf8 28. Bf1 Nb4
29. Qd1 Bd7 30. Rbg2 Rbd8 31. Bb2 Ng6 32. Be2 f5 33. Bf3 Qf7 34. Re2 Re7 35.
Rge1 fxe4 36. Nxe4 Bf5 37. Ng5 Rxe2+ 38. Rxe2 Qd7 39. Ne6 Re8 40. Nxg7 Rxe2+
41. Qxe2 Bxh3 42. Nh5 1-0

[Event "2014 Australian Championships"]
[Site "Melbourne"]
[Date "2014.01.04"]
[Round "4.16"]
[White "Choong, Yita"]
[Black "Castor, David"]
[Result "1-0"]
[WhiteElo "2203"]
[BlackElo "2125"]
[PlyCount "99"]
[EventDate "2014.01.??"]
[EventType "swiss"]
[EventRounds "11"]
[EventCountry "AUS"]
[SourceDate "2014.01.02"]

1. e4 c6 2. d4 d5 3. e5 Bf5 4. h4 h5 5. c4 e6 6. Nc3 Ne7 7. Bg5 dxc4 8. Bxc4
Nd7 9. Nge2 f6 10. exf6 gxf6 11. Be3 Nb6 12. Bb3 Nbd5 13. Ng3 Bg4 14. Qd2 Nf5
15. Nxd5 cxd5 16. Bc2 Nxe3 17. Bg6+ Kd7 18. Qxe3 Qa5+ 19. Kf1 Bd6 20. Ne2 e5
21. f3 Be6 22. Rc1 Rac8 23. Kf2 Qb6 24. Rhd1 Rhg8 25. Bh7 Rh8 26. Bg6 Rhg8 27.
Qh6 Rh8 28. Qg7+ Be7 29. Bh7 Rhf8 30. Kf1 Rf7 31. Qg6 Qd8 32. Rxc8 Qxc8 33. Bg8
Rf8 34. Bxe6+ Kxe6 35. dxe5 Rg8 36. Nd4+ Kxe5 37. f4+ Kxf4 38. Qh6+ Kg4 39. Ne2
Qf5+ 40. Kg1 Bc5+ 41. Kh1 Qf2 42. Ng1 Kxh4 43. Nf3+ Kg3 44. Rg1 Rg4 45. Qxf6
Qe2 46. Nh2 Bxg1 47. Nf1+ Qxf1 48. Qxf1 Bf2 49. Qd3+ Kf4 50. Qf3+ 1-0

[Event "2014 Australian Championships"]
[Site "Melbourne"]
[Date "2014.01.04"]
[Round "4.17"]
[White "Hu, Jason"]
[Black "Levi, Eddy"]
[Result "1-0"]
[WhiteElo "2118"]
[BlackElo "2134"]
[PlyCount "53"]
[EventDate "2014.01.??"]
[EventType "swiss"]
[EventRounds "11"]
[EventCountry "AUS"]
[SourceDate "2014.01.02"]

1. d4 f5 2. Nf3 Nf6 3. Bf4 e6 4. e3 d6 5. h3 Be7 6. Bc4 O-O 7. Nbd2 d5 8. Be2
c6 9. O-O Ne4 10. c4 Nd7 11. Nxe4 fxe4 12. Nd2 Bg5 13. Bh2 Qe8 14. Qb3 Qg6 15.
f3 Nf6 16. fxe4 dxe4 17. Be5 Bd7 18. Kh2 b6 19. Rae1 Kh8 20. Bd1 c5 21. dxc5
bxc5 22. Qb7 Rfd8 23. b3 Rac8 24. Bxf6 Bc6 25. Bxd8 Rxd8 26. Qxc6 e5 27. Qxg6
1-0

[Event "2014 Australian Championships"]
[Site "Melbourne"]
[Date "2014.01.04"]
[Round "4.18"]
[White "Jordan, Bill"]
[Black "Vlietstra, Marc"]
[Result "1-0"]
[WhiteElo "2270"]
[BlackElo "2035"]
[PlyCount "73"]
[EventDate "2014.01.??"]
[EventType "swiss"]
[EventRounds "11"]
[EventCountry "AUS"]
[SourceDate "2014.01.02"]

1. e4 c5 2. Nf3 d6 3. Bc4 Nc6 4. O-O Nf6 5. Qe2 Bg4 6. c3 Ne5 7. Nxe5 dxe5 8.
Qe3 Qc7 9. d3 g6 10. b4 b6 11. bxc5 Qxc5 12. Qxc5 bxc5 13. Be3 Rc8 14. Na3 Bd7
15. f3 e6 16. Rab1 Bd6 17. Ba6 Rc6 18. Bb5 Rb6 19. Nc4 Bxb5 20. Rxb5 Rc6 21.
Nxd6+ Rxd6 22. Bxc5 Rxd3 23. Rb8+ Rd8 24. Rbb1 Nd7 25. Rfd1 a5 26. Ba3 h5 27.
Rb7 Rh7 28. Kf2 f5 29. Rd6 Nf8 30. Rxd8+ Kxd8 31. Rb8+ Kc7 32. Rxf8 fxe4 33.
fxe4 Kc6 34. Ke2 Kb5 35. Bd6 Ka4 36. Ra8 Rb7 37. Bb4 1-0

[Event "2014 Australian Championships"]
[Site "Melbourne"]
[Date "2014.01.04"]
[Round "4.19"]
[White "Puccini, Jack"]
[Black "Charles, Gareth"]
[Result "1/2-1/2"]
[WhiteElo "2078"]
[BlackElo "2150"]
[PlyCount "90"]
[EventDate "2014.01.??"]
[EventType "swiss"]
[EventRounds "11"]
[EventCountry "AUS"]
[SourceDate "2014.01.02"]

1. e4 c5 2. Nf3 Nc6 3. Bb5 g6 4. Bxc6 dxc6 5. h3 Bg7 6. d3 e5 7. Nc3 Nf6 8. Be3
Qe7 9. Qd2 O-O 10. Bh6 Ne8 11. O-O-O f6 12. Be3 f5 13. exf5 gxf5 14. Bh6 Nd6
15. Rhe1 Bxh6 16. Qxh6 Nf7 17. Qh5 Qf6 18. Re3 Bd7 19. Qh4 Qxh4 20. Nxh4 Kg7
21. Rde1 Rae8 22. Nf3 Kf6 23. g4 fxg4 24. Ne4+ Ke7 25. hxg4 Bxg4 26. Nxc5 Bxf3
27. Rxf3 b6 28. Ne4 Nd6 29. Rh3 Rf7 30. Rh6 Nxe4 31. Rxe4 Kd7 32. Ra4 a5 33.
Rc4 Rc8 34. Re4 Re8 35. Rc4 Rc8 36. Kd2 Rxf2+ 37. Ke3 Rf7 38. Rch4 Rh8 39. Ke4
Re7 40. R4h5 Rg8 41. Rxh7 Rg4+ 42. Kf3 Rf4+ 43. Ke3 Rxh7 44. Rxh7+ Kd6 45. Rh6+
Kc5 1/2-1/2

[Event "2014 Australian Championships"]
[Site "Melbourne"]
[Date "2014.01.04"]
[Round "4.20"]
[White "Stojic, Svetozar"]
[Black "Stojic, Dusan"]
[Result "1/2-1/2"]
[WhiteElo "2029"]
[BlackElo "2233"]
[PlyCount "29"]
[EventDate "2014.01.??"]
[EventType "swiss"]
[EventRounds "11"]
[EventCountry "AUS"]
[SourceDate "2014.01.02"]

1. e4 c5 2. c3 Nf6 3. e5 Nd5 4. d4 cxd4 5. Nf3 Nc6 6. Bc4 e6 7. cxd4 d6 8. O-O
Be7 9. Nc3 Nxc3 10. bxc3 dxe5 11. Nxe5 Nxe5 12. dxe5 Qxd1 13. Rxd1 Bd7 14. Rb1
O-O-O 15. Be3 1/2-1/2

[Event "2014 Australian Championships"]
[Site "Melbourne"]
[Date "2014.01.04"]
[Round "4.21"]
[White "Pyke, Malcolm"]
[Black "Louie, Ryan"]
[Result "1-0"]
[WhiteElo "2123"]
[BlackElo "1909"]
[PlyCount "75"]
[EventDate "2014.01.??"]
[EventType "swiss"]
[EventRounds "11"]
[EventCountry "AUS"]
[SourceDate "2014.01.02"]

1. c4 Nf6 2. Nf3 g6 3. b3 Bg7 4. Bb2 O-O 5. g3 c6 6. Bg2 d5 7. O-O Bf5 8. d3
Re8 9. Nbd2 Nbd7 10. h3 h6 11. Nd4 Nf8 12. Nxf5 gxf5 13. Nf3 Ng6 14. e3 e6 15.
Qc2 Rc8 16. Rac1 Nh7 17. Bxg7 Kxg7 18. e4 f4 19. Qc3+ Kg8 20. Rfe1 Ng5 21. Nh2
d4 22. Qd2 e5 23. h4 Ne6 24. Bh3 Rc7 25. Kh1 Kh7 26. Bf5 Ng7 27. Nf3 Nh5 28. g4
Ng7 29. h5 Nxf5 30. hxg6+ fxg6 31. exf5 gxf5 32. gxf5 Qf6 33. Qe2 Qf7 34. Nh2
Kh8 35. Qg4 Rg8 36. Qh3 Qf6 37. Rg1 Rcg7 38. Nf3 1-0

[Event "2014 Australian Championships"]
[Site "Melbourne"]
[Date "2014.01.05"]
[Round "5.1"]
[White "Ly, Moulthun"]
[Black "Cheng, Bobby"]
[Result "1/2-1/2"]
[WhiteElo "2416"]
[BlackElo "2433"]
[PlyCount "89"]
[EventDate "2014.01.??"]
[EventType "swiss"]
[EventRounds "11"]
[EventCountry "AUS"]
[SourceDate "2014.01.02"]

1. e4 c6 2. d4 d5 3. e5 c5 4. dxc5 e6 5. a3 Nc6 6. Nf3 Bxc5 7. b4 Bb6 8. Bb2
Nge7 9. Bd3 Ng6 10. O-O Nf4 11. c4 Bc7 12. Qd2 Nxd3 13. Qxd3 O-O 14. Re1 Ne7
15. Nc3 a5 16. Rad1 axb4 17. axb4 dxc4 18. Qxc4 Bd7 19. Qg4 Kh8 20. Qh5 Qe8 21.
Ng5 h6 22. Nce4 Ba4 23. Rc1 Nd5 24. Nf6 Qe7 25. Qf3 Rad8 26. Qe4 g6 27. Qh4 Kg7
28. Nf3 Bb6 29. Re4 Rh8 30. h3 Bb3 31. Nd2 Ba2 32. Ra1 Ra8 33. Qg4 Nc7 34. h4
Bd5 35. Ree1 Rxa1 36. Rxa1 Rd8 37. Nf1 Na6 38. Bc3 Bc6 39. Ng3 Rd3 40. Rc1 Rxc3
41. Rxc3 Qxb4 42. Qxb4 Nxb4 43. Rb3 Ba5 44. Ne2 Nd5 45. Nd4 1/2-1/2

[Event "2014 Australian Championships"]
[Site "Melbourne"]
[Date "2014.01.05"]
[Round "5.2"]
[White "Papin, Vasily"]
[Black "Tu, Hoang Thong"]
[Result "1/2-1/2"]
[WhiteElo "2510"]
[BlackElo "2428"]
[PlyCount "43"]
[EventDate "2014.01.??"]
[EventType "swiss"]
[EventRounds "11"]
[EventCountry "AUS"]
[SourceDate "2014.01.02"]
[WhiteClock "0:13:26"]
[BlackClock "0:34:07"]

1. c4 e5 2. g3 d5 3. cxd5 Qxd5 4. Nf3 Bb4 5. a3 e4 6. Nh4 Ba5 7. b4 Bb6 8. Bb2
e3 9. f3 f6 10. Ng2 exd2+ 11. Nxd2 Qf7 12. e4 Be6 13. Nf4 Nc6 14. Nxe6 Qxe6 15.
Nc4 Rd8 16. Qa4 Nge7 17. Nxb6 axb6 18. Rc1 h5 19. Bc4 Qh3 20. Bf1 Qe6 21. Bc4
Qh3 22. Bf1 1/2-1/2

[Event "2014 Australian Championships"]
[Site "Melbourne"]
[Date "2014.01.05"]
[Round "5.3"]
[White "Sukandar, Irine"]
[Black "Johansen, Darryl"]
[Result "1-0"]
[WhiteElo "2369"]
[BlackElo "2406"]
[PlyCount "173"]
[EventDate "2014.01.??"]
[EventType "swiss"]
[EventRounds "11"]
[EventCountry "AUS"]
[SourceDate "2014.01.02"]
[WhiteClock "0:06:05"]
[BlackClock "0:04:55"]

1. e4 c5 2. Nf3 d6 3. d4 cxd4 4. Nxd4 Nf6 5. Nc3 e6 6. Be3 a6 7. Be2 Be7 8. O-O
O-O 9. f4 Nc6 10. Kh1 Bd7 11. Qe1 Nxd4 12. Bxd4 Bc6 13. Qg3 b5 14. a3 Qd7 15.
Rae1 Qb7 16. Bf3 Rad8 17. Nd1 Ne8 18. c3 f6 19. Qh3 e5 20. Bg1 exf4 21. Bd4 g6
22. Bg4 Ng7 23. Rxf4 Rf7 24. Ne3 h5 25. Be6 Nxe6 26. Qxe6 Qd7 27. Qb3 Kg7 28.
Nd5 Rdf8 29. Rf3 Bxd5 30. exd5 Kh7 31. Re6 f5 32. Qd1 Bf6 33. Rg3 Qd8 34. Qd2
Rg7 35. h3 Bxd4 36. Qxd4 Re8 37. Qe3 Rxe6 38. Qxe6 Qb6 39. Re3 Qc5 40. Re2 Qc4
41. Rf2 Qc7 42. Re2 Qc4 43. Kg1 a5 44. Re3 Qc5 45. Kh2 a4 46. Rd3 Qc7 47. Qe8
Re7 48. Qxb5 Re1 49. Qxa4 Qe7 50. Qf4 Re4 51. Qf3 Qe5+ 52. Kg1 h4 53. Rd1 Re3
54. Qf2 g5 55. c4 Re2 56. Qf3 Kg6 57. c5 dxc5 58. d6 Rd2 59. Rxd2 Qe1+ 60. Qf1
Qxd2 61. d7 Qxd7 62. Qa6+ Kg7 63. Qe2 Qd4+ 64. Kh1 c4 65. Qe7+ Kg6 66. Qe6+ Kg7
67. Qxf5 Qd1+ 68. Kh2 Qd6+ 69. Kg1 Qd4+ 70. Qf2 Qd1+ 71. Kh2 Qd6+ 72. Kh1 Qd1+
73. Qg1 Qc2 74. Qd4+ Kg6 75. Kh2 Qd3 76. Qb6+ Kh5 77. Qc7 Kg6 78. a4 Qb3 79.
Qc6+ Kg7 80. Qd7+ Kh6 81. Qe6+ Kg7 82. Qe5+ Kg6 83. a5 Qb7 84. Qd6+ Kh5 85. a6
Qa7 86. Kh1 Qe3 87. Qc7 1-0

[Event "2014 Australian Championships"]
[Site "Melbourne"]
[Date "2014.01.05"]
[Round "5.4"]
[White "Bjebork, Igor"]
[Black "Solomon, Stephen"]
[Result "1/2-1/2"]
[WhiteElo "2339"]
[BlackElo "2371"]
[PlyCount "37"]
[EventDate "2014.01.??"]
[EventType "swiss"]
[EventRounds "11"]
[EventCountry "AUS"]
[SourceDate "2014.01.02"]

1. Nf3 c5 2. c3 d5 3. d4 e6 4. g3 Nc6 5. Bg2 Nf6 6. O-O Bd6 7. dxc5 Bxc5 8. Bg5
h6 9. Bxf6 Qxf6 10. Nbd2 O-O 11. e4 Rd8 12. Qe2 a6 13. Rad1 Ba7 14. Nb3 dxe4
15. Rxd8+ Qxd8 16. Qxe4 Qe7 17. Ne5 Bd7 18. Nxd7 Qxd7 19. Bf3 1/2-1/2

[Event "2014 Australian Championships"]
[Site "Melbourne"]
[Date "2014.01.05"]
[Round "5.6"]
[White "Goldenberg, Igor"]
[Black "Illingworth, Max"]
[Result "1-0"]
[WhiteElo "2373"]
[BlackElo "2434"]
[PlyCount "77"]
[EventDate "2014.01.??"]
[EventType "swiss"]
[EventRounds "11"]
[EventCountry "AUS"]
[SourceDate "2014.01.02"]
[WhiteClock "0:35:13"]
[BlackClock "0:30:17"]

1. Nf3 Nf6 2. c4 g6 3. Nc3 Bg7 4. e4 d6 5. d4 O-O 6. Be2 e5 7. O-O Nc6 8. d5
Ne7 9. b4 Ne8 10. c5 f5 11. Nd2 Nf6 12. f3 f4 13. Nc4 g5 14. Bd2 Ng6 15. Rc1
Rf7 16. Be1 Bf8 17. Bf2 h5 18. h3 Rg7 19. a4 Nh8 20. cxd6 cxd6 21. Nb5 g4 22.
Bxa7 gxh3 23. Rf2 hxg2 24. Rxg2 Ng6 25. Bf1 Bh3 26. Rh2 Nh4+ 27. Kh1 Bxf1 28.
Qxf1 Ng4 29. Rh3 Rc8 30. Bf2 Nxf2+ 31. Qxf2 Ng2 32. Rg1 Ne3 33. Nxe3 fxe3 34.
Qxe3 h4 35. Qf2 Be7 36. Rh2 Rxg1+ 37. Qxg1+ Bg5 38. Rg2 Rc1 39. Qxc1 1-0

[Event "2014 Australian Championships"]
[Site "Melbourne"]
[Date "2014.01.05"]
[Round "5.7"]
[White "Nakauchi, Gene"]
[Black "Zelesco, Karl"]
[Result "0-1"]
[WhiteElo "2210"]
[BlackElo "2242"]
[PlyCount "182"]
[EventDate "2014.01.??"]
[EventType "swiss"]
[EventRounds "11"]
[EventCountry "AUS"]
[SourceDate "2014.01.02"]

1. e4 e6 2. d4 d5 3. Nc3 Bb4 4. e5 c5 5. a3 Bxc3+ 6. bxc3 Ne7 7. Qg4 cxd4 8.
Qxg7 Rg8 9. Qxh7 Qc7 10. Ne2 Nbc6 11. f4 dxc3 12. Nxc3 Nd4 13. Bb2 Bd7 14.
O-O-O Ndf5 15. g3 O-O-O 16. Qh5 Bc6 17. Qxf7 Rgf8 18. Qxe6+ Bd7 19. Qf6 Rxf6
20. exf6 Ng6 21. Nxd5 Qc5 22. Rd3 Qf2 23. Bh3 Rh8 24. Bxf5 Bxf5 25. Rc3+ Kd7
26. Rd1 Ke6 27. Re3+ Kf7 28. Rd2 Qg1+ 29. Rd1 Qxh2 30. Rc3 Rc8 31. Ne3 Rxc3 32.
Bxc3 Qxg3 33. Nxf5 Qxf4+ 34. Kb2 Qxf5 35. Re1 Qb5+ 36. Ka2 Qa4 37. Kb2 Qc4 38.
Rh1 Nh4 39. Re1 Nf5 40. Re5 Kg6 41. Re1 Nd6 42. Re3 Ne4 43. Rf3 Kf7 44. Rh3
Qb5+ 45. Ka2 Qf5 46. Rd3 Nc5 47. Rd2 Na4 48. Bb2 Qe6+ 49. Kb1 Qe1+ 50. Bc1 Nc3+
51. Kb2 Ne2 52. Rd7+ Kxf6 53. Bd2 Qg1 54. Rd3 Qb6+ 55. Ka2 Kf5 56. Rb3 Qc6 57.
Kb1 Nd4 58. Rb2 b6 59. Be3 Nb5 60. Rb3 Nc3+ 61. Kb2 Na4+ 62. Kb1 Qh1+ 63. Bc1
Qd1 64. Rd3 Qe1 65. Rf3+ Kg6 66. Rd3 Qh1 67. Rg3+ Kf5 68. Rg5+ Ke6 69. Rg3 Kd5
70. Rg5+ Kc4 71. Rg4+ Kb5 72. Rb4+ Ka5 73. Rb3 Qf1 74. Rd3 b5 75. Rb3 Nb6 76.
Rd3 Nc4 77. Rc3 Ka4 78. Rd3 b4 79. axb4 Kxb4 80. Rb3+ Kc5 81. Rb8 a5 82. Rc8+
Kd4 83. Rd8+ Kc3 84. Rd3+ Kb4 85. Rb3+ Kc5 86. Rb8 a4 87. Rc8+ Kb4 88. Rb8+ Kc3
89. Rb7 Qd1 90. Ka2 Qxc1 91. Rb5 Qa3+ 0-1